|
|
|
|
| LEADER |
00000cam a2200000 7i4500 |
| 001 |
0000007197 |
| 002 |
000007742 |
| 005 |
20000330.0 |
| 020 |
|
|
|a 9679712923
|
| 090 |
0 |
0 |
|a 510
|b BUL
|
| 100 |
1 |
|
|a Bulloch, Ivan
|
| 245 |
1 |
0 |
|a Bentuk
|c Ivan Bulloch
|
| 260 |
|
|
|a Petaling Jaya :
|b Flo Enterprise Sdn.Bhd. ,
|c 1996
|
| 300 |
|
|
|a p.v. :
|b ill. ;
|c 27cm.
|
| 650 |
0 |
0 |
|a Shapes
|x Juvenile literature
|
| 999 |
|
|
|a 051790
|b BUKU
|c PINJAMAN
|e PERPUSTAKAAN KOMUNITI PETALING JAYA
|
| 999 |
|
|
|a 051791
|b BUKU
|c PINJAMAN
|e PERPUSTAKAAN KOMUNITI PETALING JAYA
|
| 999 |
|
|
|a 051792
|b BUKU
|c PINJAMAN
|e PERPUSTAKAAN KOMUNITI PETALING JAYA
|
| 999 |
|
|
|a 054806
|b BUKU
|c JUNIOR BOOKS
|e PERPUSTAKAAN KOMUNITI CAW KOTA DAMANSARA
|